000 01008cab a22002535a 4500
001 L159817
008 180220e2018 xxk 000 0 eng d
022 _a9781786041760
035 _a(Sirsi) u159817
041 0 _aeng
110 2 _aNational Audit Office
_94918
245 0 0 _aPFI and PF2
_h[electronic resource]
260 _aLondon
_bNOA
_c2018
520 _aLooks at the rationale, costs andbenefits of the Private Finance Initiative (PFI); the use and impact of PFI, and ability to make savings from operationalcontracts; and introduces PF2. Compares the differences between PFI and PF2. Report produced prior to collapse of Carillion (L159816).
590 _aNTK
650 2 4 _aPRIVATE FINANCE INITIATIVE
650 2 4 _aPFI
650 2 4 _aPF2
651 4 _aEngland and Wales
_y1543-
690 _aProcurement
_96260
690 _aFacilities management
_96240
856 4 0 _uhttps://www.nao.org.uk/report/pfi-and-pf2/
_zView the item free of charge from the www.nao.org.uk/website.
942 _n0
999 _c84994
_d84994